Culture Générale - Série 65 - Statistiques

Statistiques générales
  • Ce quiz a été pris 304 fois
  • Le résultat moyen est 2 sur 10
Statistiques - réponses
Question Réponse % Correct
A quel pays le territoire de la Phénicie correspond-il actuellement grosso modo ? Liban
49%
Jeu d'argent consistant à mélanger très rapidement trois cartes retournées et à faire deviner la place de celle qui a été désignée d'avance Bonneteau
36%
En Russie, véhicule tiré par trois chevaux attelés de front Troïka
30%
Nombre minimum de membres, présents ou représentés, nécessaire pour qu'une assemblée puisse délibérer valablement Quorum
27%
(vieilli) grande réception mondaine Raout
17%
Mot arabe signifiant à la fois "félicitations", "meilleurs voeux" et "que cela te porte chance" Mabrouk
15%
Prêtre chargé de prédire l'avenir, d'interpréter la volonté des dieux en observant principalement les entrailles des victimes, mais aussi certains phénomènes naturels (ex: tremblements de terre, orages, etc.) Aruspice
10%
Coffrage ou panneau de coffrage utilisé pour la réalisation des murs en béton armé ou en pisé Banche
8%
Femme maghrébine Moukère
8%
Passage permettant aux espèces animales, végétales, fongiques, etc. de traverser des obstacles issus de l'activité humaine (ex: mur, route, voie ferrée). Ecoduc
4%
Aucun quiz correspondant
Distribution des résultats
% des personnes avec chaque résultat
Percentile par nombre de réponses
Votre historique - résultats
Vous n’avez pas pris ce quiz